000 00602nam a22001817a 4500
005 20251108165240.0
008 250721s1984 xx 000 0 ara d
082 1 4 _a956.05/هشا
100 1 _aأبو رميله، هشام
245 1 0 _aعلاقات الموحدين بالممالك النصرانية و الدول الإسلامية في الأندلس /
264 1 _aعمان :
_bدار الفرقان،
_c1984.
300 _a443ص
650 1 7 _aتاريخ الأندلس
650 1 7 _aالحضارة الإسلامية
650 1 7 _aالموحدون
942 _2ddc
_cBK
999 _c23182
_d23182